Normale Ansicht MARC-Ansicht ISBD

DDR : (Titelsatznr. 35419)

[ MARC ]
MARC-Details
000 -Satzkennung
Kontrollfeld mit fester Länge 00538nam a22001931c 4500
001 - Kontrollnummer
Kontrollfeld 165642777
008 - Feld mit fester Länge zur physischen Beschreibung - Allgemeine Angaben
Kontrollfeld mit fester Länge 170516s1984 gw a||| 000u ger d
041 ## - Sprachcode
Sprachcode des Textes/der Tonspur oder des separaten Titels ger
040 ## - Katalogisierungsquelle
Übertragungsstelle RU-10907106
003 - Kontrollnummer Identifier
Kontrollfeld RU-10907106
100 1# - Haupteintragung - Personenname
Personenname Heitzer, Heinz
245 00 - Titel
Titel DDR :
Zusatz zum Titel geschichtlicher Überblick /
Verfasserangabe etc. Heinz Heitzer
250 ## - Ausgabebezeichnung
Ausgabebezeichnung 2., überarb. und erg. Aufl.
264 ## - Produktion, Veröffentlichung, Distribution, Herstellung und Urheberrechtsvermerk
Herstellungs-, Veröffentlichungs- Vertriebs-, Erzeugungsort Berlin :
Produzent, Herausgeber, Distributor, Hersteller Dietz-Verl.,
Datum der Herstellung, der Veröffentlichung, des Vertriebs oder des Urheberschutzvermerks 1984
300 ## - Physische Beschreibung
Umfang 319 S : 150 Ill., graph. Darst., Kt.
490 #0 - Gesamttitelangabe
Gesamttitelangabe Schriftenreihe Geschichte
651 #0 - Nebeneintragung unter einem Schlagwort - Geografischer Name
Geografischer Name Deutschland (DDR)
942 ## - Zusätzliche Felder (Koha)
Koha-Medientyp Monographien
Exemplare
Ausgeschieden Verloren Klassifikation oder Aufstellungssystematik Beschädigt Nicht entleihbar Heimatbibliothek Aufenthaltsbibliothek Aufstellungsort Erwerbungsdatum Inventarnummer Signatur Barcode Letzte Aktivität Preis gültig von Koha-Medientyp
    Andere/Generische Klassifikation     MWN Osteuropa MWN Osteuropa Lesesaal - 1 16/05/2017 17-02487 D 54 b Hei E004015073F85934 23/02/2021 22/03/2021 Monographien